| Tag |
First Indicator |
Second Indicator |
Subfields |
| LEADER |
00000cam a22000001 4500 |
| 001 |
in00000059168 |
| 005 |
20230927140453.0 |
| 008 |
750409s1965 nyu b 000 0 eng |
| 010 |
|
|
|a 65011571
|
| 019 |
|
|
|a 5377050
|
| 029 |
1 |
|
|a AU@
|b 000027843461
|
| 029 |
1 |
|
|a DEBBG
|b BV004337577
|
| 029 |
1 |
|
|a GBVCP
|b 075510227
|
| 029 |
1 |
|
|a HEBIS
|b 177809272
|
| 029 |
1 |
|
|a NLGGC
|b 081815905
|
| 029 |
1 |
|
|a NZ1
|b 6497375
|
| 029 |
1 |
|
|a NZ1
|b 663458
|
| 035 |
|
|
|a (OCoLC)ocm01262722
|
| 035 |
|
|
|a (OCoLC)1262722
|z (OCoLC)5377050
|
| 035 |
|
|
|a (OCoLC)ocm01262722
|
| 040 |
|
|
|a DLC
|b eng
|c DLC
|d ORL
|d SER
|d CUR
|d CRU
|d TJX
|d DEBBG
|d OCLCF
|d OCLCO
|d OCL
|d OCLCQ
|d OCLCA
|d OCLCO
|d NKM
|
| 042 |
|
|
|a premarc
|
| 043 |
|
|
|a n-us---
|
| 050 |
0 |
0 |
|a HD6058
|b .O55
|
| 082 |
0 |
|
|a 331.4
|
| 100 |
1 |
|
|a O'Neill, Barbara Powell,
|d 1929-
|
| 245 |
1 |
0 |
|a Careers for women after marriage and children.
|
| 260 |
|
|
|a New York,
|b Macmillan
|c [1965]
|
| 300 |
|
|
|a xi, 401 pages
|c 21 cm
|
| 336 |
|
|
|a text
|b txt
|2 rdacontent
|
| 337 |
|
|
|a unmediated
|b n
|2 rdamedia
|
| 338 |
|
|
|a volume
|b nc
|2 rdacarrier
|
| 504 |
|
|
|a "Reference notes": pages 387-391.
|
| 520 |
|
|
|a Practical guide to career opportunities for the mature woman including lists of educational institutions offering appropriate courses of study.
|
| 650 |
|
0 |
|a Women
|x Vocational guidance
|z United States.
|
| 650 |
|
0 |
|a Displaced homemakers
|z United States.
|
| 650 |
|
0 |
|a Middle-aged women
|x Employment
|z United States.
|
| 650 |
|
6 |
|a Femmes
|x Orientation professionnelle
|z États-Unis.
|
| 650 |
|
6 |
|a Femmes chefs de famille
|z États-Unis.
|
| 650 |
|
6 |
|a Femmes d'âge moyen
|x Travail
|z États-Unis.
|
| 650 |
|
7 |
|a Middle-aged women
|x Employment.
|2 fast
|0 (OCoLC)fst01020418
|
| 650 |
|
7 |
|a Displaced homemakers.
|2 fast
|0 (OCoLC)fst00895313
|
| 650 |
|
7 |
|a Women
|x Vocational guidance.
|2 fast
|0 (OCoLC)fst01177028
|
| 651 |
|
7 |
|a United States.
|2 fast
|0 (OCoLC)fst01204155
|
| 650 |
|
7 |
|a Akademikerin
|2 gnd
|
| 650 |
|
7 |
|a Beruf
|2 gnd
|
| 650 |
|
7 |
|a Mittleres Lebensalter
|2 gnd
|
| 651 |
|
7 |
|a USA
|2 gnd
|
| 651 |
|
7 |
|a USA.
|2 swd
|
| 948 |
|
|
|h HELD BY TXA - 200 OTHER HOLDINGS
|
| 994 |
|
|
|a Z0
|b TXA
|
| 999 |
f |
f |
|s 5ed6af50-0902-3f2d-8822-33bbd912d5e0
|i cff7511a-35c5-33b0-8d41-31a36b7a71e4
|t 0
|
| 952 |
f |
f |
|p ric
|a Texas A&M University
|b Rellis Campus
|c Joint Library Facility
|d Remote Storage
|t 0
|e HD6058 .O55
|h Library of Congress classification
|i unmediated -- volume
|m A14800719884
|
| 998 |
f |
f |
|a HD6058 .O55
|t 0
|l Remote Storage
|